000
00448nam a2200181Ia 4500
008
100917s9999 xx 000 0 und d
082
_b
6909
100
_a
कानिटकर माधव
245
_a
दीपकळी
260
_b
---
_c
1964
300
_a
112
365
_b
3
520
_a
कादंबरी
630
_a
दीपकळी
650
_a
कादंबरी
730
_a
दीपकळी
942
_c
BOOK
999
_c
612303
_d
612300